[Event "GER-ch U18 Girls"]
[Site "Willingen"]
[Date "2006.06.05"]
[Round "4"]
[White "Schulze, Dorothee"]
[Black "Reiske, Anne"]
[Result "1/2-1/2"]
[WhiteElo "1946"]
[BlackElo "1711"]
[PlyCount "85"]
[EventDate "2006.06.03"]
[EventType "swiss"]
[EventRounds "9"]
[EventCountry "GER"]
[SourceTitle "EXT 2007"]
[Source "ChessBase"]
[SourceDate "2006.11.23"]
[SourceVersion "1"]
[SourceVersionDate "2006.11.23"]
[SourceQuality "1"]

1. e4 e5 2. Nf3 Nf6 3. d4 Nxe4 4. Bd3 d5 5. Nxe5 Be6 6. 0-0 Bd6 7. Bxe4 dxe4 8. d5 Bf5 9. Nc4 Qf6 10. Nc3 0-0 11. Qe2 Qg6 12. Nxd6 cxd6 13. Bf4 a6 14. Rfe1 Nd7 15. Qd2 h5 16. Re3 h4 17. Rae1 Rfe8 18. Ne2 Qf6 19. Rc3 Qg6 20. Nd4 Bg4 21. h3 Bh5 22. Bg5 Re5 23. Bxh4 Rxd5 24. Rg3 Qh7 25. c4 Re5 26. Nc2 Re6 27. Rg5 f6 28. Rd5 Rae8 29. Rxd6 Rxd6 30. Qxd6 Ne5 31. b3 Bg6 32. Bg3 Nd3 33. Re3 Qh5 34. Qd5+ Qxd5 35. cxd5 f5 36. Bc7 f4 37. Re2 Kf7 38. Nd4 e3 39. Kf1 Nc1 40. fxe3 Nxe2 41. Nxe2 fxe3 42. d6 Bf5 43. Nd4 1/2-1/2

[Event "GER-chT U20 Girls"]
[Site "Naunhof"]
[Date "2005.12.28"]
[Round "4.2"]
[White "Reiske, Anne"]
[Black "Rath, Alina"]
[Result "1/2-1/2"]
[WhiteElo "1723"]
[BlackElo "1686"]
[PlyCount "99"]
[EventDate "2005.12.27"]
[EventType "team-swiss"]
[EventRounds "7"]
[EventCountry "GER"]
[SourceTitle "CBM 110 Extra"]
[Source "ChessBase"]
[SourceDate "2006.03.10"]
[SourceVersion "2"]
[SourceVersionDate "2006.03.10"]
[SourceQuality "1"]

1. e4 c5 2. Nf3 Nc6 3. d4 cxd4 4. Nxd4 Nf6 5. Nc3 d6 6. Be3 Bd7 7. Be2 a6 8. Qd2 b5 9. Bf3 Rc8 10. 0-0 g6 11. Rad1 Ne5 12. Qc1 Nxf3+ 13. Nxf3 Qc7 14. h3 b4 15. Nd5 Nxd5 16. exd5 Qxc2 17. Qxc2 Rxc2 18. Rc1 Rxc1 19. Rxc1 Bg7 20. Bd4 0-0 21. Rc7 Bb5 22. Rxe7 Bc4 23. b3 Bxd5 24. Rd7 Bxf3 25. Bxg7 Kxg7 26. gxf3 Ra8 27. Rxd6 Ra7 28. Kf1 Kf8 29. Ke2 Ke7 30. Rb6 a5 31. Rb5 Kd6 32. Kd3 Kc6 33. Kc4 h5 34. h4 Ra8 35. Re5 Ra7 36. f4 Kb6 37. Rb5+ Kc6 38. f5 Ra6 39. fxg6 fxg6 40. Rg5 Kc7 41. Kb5 Kb7 42. Ka4 Rf6 43. Rb5+ Kc7 44. Rxa5 Rxf2 45. Rc5+ Kd7 46. Kxb4 Rxa2 47. Rc4 Rg2 48. Kc5 g5 49. Rd4+ Kc7 50. Rd5 1/2-1/2

[Event "GER-ch U25"]
[Site "Willingen"]
[Date "2005.05.19"]
[Round "8"]
[White "Reiske, Anne"]
[Black "Zabarska, Natalia"]
[Result "1-0"]
[WhiteElo "1719"]
[BlackElo "1891"]
[PlyCount "35"]
[EventDate "2005.05.14"]
[EventType "swiss"]
[EventRounds "9"]
[EventCountry "GER"]
[SourceTitle "CBM 106 Extra"]
[Source "ChessBase"]
[SourceDate "2005.07.01"]
[SourceVersion "1"]
[SourceVersionDate "2005.07.01"]
[SourceQuality "1"]

1. e4 e5 2. Nf3 f5 3. d4 fxe4 4. Nxe5 Nc6 5. Bc4 d5 6. Bb5 Nf6 7. Nxc6 bxc6 8. Bxc6+ Bd7 9. Bxa8 Qxa8 10. Bg5 Be7 11. Nc3 0-0 12. 0-0 Bd6 13. h3 Qe8 14. Bxf6 Rxf6 15. Nxd5 Rh6 16. Qd2 Bxh3 17. Qxh6 gxh6 18. Nf6+ 1-0

[Event "GER-ch U16 Girls"]
[Site "Willingen"]
[Date "2004.06.02"]
[Round "7"]
[White "Reiske, Anne"]
[Black "Hoolt, Sarah"]
[Result "1/2-1/2"]
[WhiteElo "1842"]
[BlackElo "2074"]
[PlyCount "110"]
[EventDate "2004.06.??"]
[EventType "swiss"]
[EventRounds "9"]
[EventCountry "GER"]
[SourceTitle "EXT 2005"]
[Source "ChessBase"]
[SourceDate "2004.11.15"]
[SourceVersion "1"]
[SourceVersionDate "2004.11.15"]
[SourceQuality "1"]

1. e4 c5 2. Nf3 Nc6 3. d4 cxd4 4. Nxd4 g6 5. Nb3 Bg7 6. Be2 Nf6 7. Nc3 0-0 8. 0-0 a5 9. a4 Nb4 10. Re1 d5 11. exd5 Bf5 12. Nd4 Ne4 13. Nxe4 Bxe4 14. c3 Qxd5 15. Bf3 Bxf3 16. Nxf3 Rfd8 17. Qxd5 Nxd5 18. Be3 Nxe3 19. Rxe3 e6 20. Re2 Kf8 21. Kf1 Ke7 22. Rd2 Rxd2 23. Nxd2 Rd8 24. Ke2 Rd5 25. Rd1 b5 26. axb5 Rxb5 27. Nc4 Rc5 28. Kd3 e5 29. f3 f5 30. Nb6 Rc6 31. Na4 Ke6 32. b3 h6 33. Kc2 Bf6 34. c4 Bg5 35. Nc3 Rd6 36. Nd5 e4 37. Re1 Ke5 38. g3 Bd8 39. Kc3 Rd7 40. Re2 h5 41. Nf4 g5 42. Nd5 g4 43. fxe4 fxe4 44. Nf4 h4 45. Rd2 Rxd2 46. Kxd2 h3 47. Kc3 Bb6 48. Ne2 Bf2 49. Kd2 Bc5 50. Kc3 Bb4+ 51. Kc2 Kf5 52. Nd4+ Kf6 53. Kd1 e3 54. Nc2 Bd6 55. Nxe3 Kg5 1/2-1/2

[Event "GER-ch U16 Girls"]
[Site "Willingen"]
[Date "2004.06.01"]
[Round "5"]
[White "Reiske, Anne"]
[Black "Gasch, Franziska"]
[Result "1/2-1/2"]
[WhiteElo "1842"]
[BlackElo "1656"]
[PlyCount "38"]
[EventDate "2004.06.??"]
[EventType "swiss"]
[EventRounds "9"]
[EventCountry "GER"]
[SourceTitle "EXT 2005"]
[Source "ChessBase"]
[SourceDate "2004.11.15"]
[SourceVersion "1"]
[SourceVersionDate "2004.11.15"]
[SourceQuality "1"]

1. e4 d5 2. Nc3 d4 3. Nce2 e5 4. Ng3 Nf6 5. Bc4 Bd6 6. d3 Nbd7 7. N1e2 Nb6 8. Bb3 Be6 9. c3 c5 10. Ba4+ Nxa4 11. Qxa4+ Bd7 12. Qb3 Qc7 13. Bd2 dxc3 14. bxc3 b6 15. 0-0 0-0 16. f4 exf4 17. Bxf4 Rae8 18. Bxd6 Qxd6 19. Nf4 Bg4 1/2-1/2

[Event "DLM U20 Girls"]
[Site "Werfen"]
[Date "2002.08.02"]
[Round "7.4"]
[White "Zemella, Jennifer"]
[Black "Reiske, Anne"]
[Result "1/2-1/2"]
[WhiteElo "1411"]
[BlackElo "1515"]
[PlyCount "101"]
[EventDate "2002.07.28"]
[EventType "team-swiss"]
[EventRounds "7"]
[EventCountry "GER"]
[SourceTitle "CBM 089 Extra"]
[Source "ChessBase"]
[SourceDate "2002.09.10"]
[SourceVersion "2"]
[SourceVersionDate "2002.09.10"]
[SourceQuality "1"]

1. e4 e5 2. Nf3 Nf6 3. Nxe5 d6 4. Nf3 Nxe4 5. Qe2 Qe7 6. d3 Nf6 7. Bg5 Be6 8. Nc3 Nc6 9. h3 0-0-0 10. 0-0-0 g6 11. d4 Bd7 12. d5 Ne5 13. Nxe5 dxe5 14. Qf3 Bg7 15. Ne4 Bf5 16. Nxf6 Bxf6 17. Bxf6 Qxf6 18. g4 Qg5+ 19. Kb1 Bd7 20. Bg2 Rhf8 21. Rhe1 f6 22. d6 Bc6 23. Qc3 e4 24. Bxe4 Qb5 25. Bxc6 Qxc6 26. Qxc6 bxc6 27. dxc7 Rxd1+ 28. Rxd1 Kxc7 29. Re1 Rf7 30. b3 Kd7 31. Kb2 Kd6 32. Kc3 Rb7 33. a4 c5 34. f4 Rb4 35. f5 Kd5 36. Re7 gxf5 37. gxf5 Rh4 38. Rxa7 Rxh3+ 39. Kb2 h5 40. a5 Rf3 41. a6 Rg3 42. Rh7 Rg8 43. a7 Ra8 44. Kc3 h4 45. Rxh4 Rxa7 46. Ra4 Rh7 47. Ra1 Rh3+ 48. Kb2 Rf3 49. c4+ Ke5 50. Rd1 Rxf5 51. Kc3 1/2-1/2

[Event "DLM U20 Girls"]
[Site "Werfen"]
[Date "2002.07.31"]
[Round "5.4"]
[White "Schulze, Dorothee"]
[Black "Reiske, Anne"]
[Result "0-1"]
[WhiteElo "1469"]
[BlackElo "1515"]
[PlyCount "68"]
[EventDate "2002.07.28"]
[EventType "team-swiss"]
[EventRounds "7"]
[EventCountry "GER"]
[SourceTitle "CBM 089 Extra"]
[Source "ChessBase"]
[SourceDate "2002.09.10"]
[SourceVersion "2"]
[SourceVersionDate "2002.09.10"]
[SourceQuality "1"]

1. e4 e5 2. Nf3 Nf6 3. Bc4 Nc6 4. 0-0 Bc5 5. Re1 d6 6. h3 Be6 7. Bb5 a6 8. Bxc6+ bxc6 9. c3 0-0 10. d4 exd4 11. cxd4 Bb4 12. Bd2 a5 13. a3 Bxd2 14. Nbxd2 Rb8 15. Qa4 Rxb2 16. Qxa5 Qd7 17. Qc3 Rfb8 18. e5 Nd5 19. Qd3 Bf5 20. Ne4 R8b3 21. Qd1 Bxe4 22. Rxe4 Nc3 23. Qe1 Rb1 24. Rxb1 Rxb1 25. Qxb1 Nxb1 26. Re3 h6 27. Rb3 Qf5 28. a4 Qc2 29. Rb8+ Kh7 30. a5 Qa2 31. a6 Nc3 32. exd6 cxd6 33. Rb6 Qa4 34. Kh2 Nd5 0-1

[Event "DLM U20 Girls"]
[Site "Werfen"]
[Date "2002.07.30"]
[Round "3.4"]
[White "Reiske, Anne"]
[Black "Dittrich, Jacqueline"]
[Result "1-0"]
[WhiteElo "1515"]
[BlackElo "1309"]
[PlyCount "59"]
[EventDate "2002.07.28"]
[EventType "team-swiss"]
[EventRounds "7"]
[EventCountry "GER"]
[SourceTitle "CBM 089 Extra"]
[Source "ChessBase"]
[SourceDate "2002.09.10"]
[SourceVersion "2"]
[SourceVersionDate "2002.09.10"]
[SourceQuality "1"]

1. e4 e6 2. d4 d5 3. e5 c5 4. c3 Nc6 5. Nf3 Qb6 6. Bd3 Bd7 7. dxc5 Bxc5 8. 0-0 0-0-0 9. Qe2 a6 10. b4 Be7 11. Be3 Qc7 12. Bf4 h6 13. h3 Qb6 14. Nbd2 f6 15. a4 fxe5 16. a5 Qa7 17. Nxe5 Bf6 18. Nf7 Bxc3 19. Nd6+ Kb8 20. Nb5+ Ka8 21. Nxa7 Bxa1 22. Nxc6 Bxc6 23. Rxa1 Nf6 24. Bxa6 g5 25. Bg3 Rde8 26. b5 Bd7 27. Bxb7+ Kxb7 28. Qe3 Ka8 29. Qb6 Rc8 30. Qa6# 1-0

[Event "GER-ch U14 Girls"]
[Site "Winterberg"]
[Date "2002.05.25"]
[Round "9"]
[White "Herkt, Julia"]
[Black "Reiske, Anne"]
[Result "1-0"]
[WhiteElo "1523"]
[BlackElo "1483"]
[PlyCount "83"]
[EventDate "2002.05.19"]
[EventType "swiss"]
[EventRounds "8"]
[EventCountry "GER"]
[SourceTitle "CBM 088 Extra"]
[Source "ChessBase"]
[SourceDate "2002.07.01"]
[SourceVersion "2"]
[SourceVersionDate "2002.07.01"]
[SourceQuality "1"]

1. d4 d5 2. e3 Nf6 3. Bd3 e6 4. Nd2 c5 5. c3 Nbd7 6. f4 b6 7. Ngf3 Bb7 8. 0-0 Be7 9. Qe1 Ne4 10. Ne5 f5 11. Nxe4 Nxe5 12. fxe5 dxe4 13. Bb5+ Kf7 14. g4 g6 15. Qe2 a6 16. gxf5 exf5 17. Bc4+ Ke8 18. e6 Bd6 19. Rxf5 Bxh2+ 20. Qxh2 gxf5 21. Qh5+ Ke7 22. Qf7+ Kd6 23. Qxb7 Qc7 24. Qxc7+ Kxc7 25. Kf2 Rhg8 26. a4 Rg7 27. b4 Rag8 28. Bf1 Rg3 29. Ra2 Rf3+ 30. Ke1 cxb4 31. cxb4 Kd6 32. Rf2 Rxf2 33. Kxf2 a5 34. bxa5 bxa5 35. Bd2 Ra8 36. Kg3 Kxe6 37. Kf4 h6 38. Bh3 Kd5 39. Bxf5 Rf8 40. Bxa5 Rf7 41. Be1 Rf8 42. a5 1-0

[Event "GER-ch U14 Girls"]
[Site "Winterberg"]
[Date "2002.05.23"]
[Round "7"]
[White "Reiske, Anne"]
[Black "Krenz, Sarah"]
[Result "1/2-1/2"]
[WhiteElo "1483"]
[BlackElo "1492"]
[PlyCount "97"]
[EventDate "2002.05.19"]
[EventType "swiss"]
[EventRounds "8"]
[EventCountry "GER"]
[SourceTitle "CBM 088 Extra"]
[Source "ChessBase"]
[SourceDate "2002.07.01"]
[SourceVersion "2"]
[SourceVersionDate "2002.07.01"]
[SourceQuality "1"]

1. e4 d6 2. d4 Nf6 3. Nc3 g6 4. Be2 Bg7 5. Be3 0-0 6. Qd2 c6 7. f4 b5 8. a3 Nbd7 9. Bf3 Nb6 10. b3 Qc7 11. Nge2 Ng4 12. 0-0 Nxe3 13. Qxe3 Rb8 14. Rad1 a6 15. h3 Bb7 16. Kh1 Nd7 17. g3 c5 18. d5 Rfc8 19. Nb1 Qa5 20. Qd2 Qxd2 21. Rxd2 Nb6 22. c3 Rc7 23. Nc1 Bc8 24. g4 a5 25. Bd1 Ra7 26. Rff2 a4 27. b4 cxb4 28. cxb4 Nc4 29. Rc2 Ne3 30. Rcd2 Rc7 31. Ne2 Bd7 32. Rf3 Nc4 33. Rc2 Rbc8 34. Nec3 Nxa3 35. Nxa3 Rxc3 36. Rfxc3 Rxc3 37. Rxc3 Bxc3 38. Nc2 Kf8 39. Kg1 Ke8 40. Kf2 Kd8 41. Ke3 Bg7 42. Kd3 Kc7 43. Nd4 e6 44. Nf3 exd5 45. exd5 f5 46. g5 Be8 47. Nd4 Bd7 48. Bc2 Kb6 49. Bb1 1/2-1/2

[Event "GER-ch U14 Girls"]
[Site "Winterberg"]
[Date "2002.05.20"]
[Round "4"]
[White "Butschek, Tanja"]
[Black "Reiske, Anne"]
[Result "1/2-1/2"]
[WhiteElo "1431"]
[BlackElo "1483"]
[PlyCount "114"]
[EventDate "2002.05.19"]
[EventType "swiss"]
[EventRounds "8"]
[EventCountry "GER"]
[SourceTitle "CBM 088 Extra"]
[Source "ChessBase"]
[SourceDate "2002.07.01"]
[SourceVersion "2"]
[SourceVersionDate "2002.07.01"]
[SourceQuality "1"]

1. e4 e5 2. Nf3 Nf6 3. Nc3 d6 4. d4 exd4 5. Nxd4 Be7 6. Bd3 Bd7 7. 0-0 Nc6 8. Be3 Nxd4 9. Bxd4 c5 10. Be3 Qc7 11. Bc4 h5 12. Nd5 Nxd5 13. Bxd5 Bc6 14. c4 Bxd5 15. Qxd5 Qc6 16. Rfd1 Qxd5 17. Rxd5 0-0-0 18. Rad1 g6 19. Bf4 b6 20. Bxd6 Rxd6 21. Rxd6 Bxd6 22. Rxd6 Rd8 23. Rxd8+ Kxd8 24. f4 Ke7 25. Kf2 f6 26. Kf3 Ke6 27. g4 h4 28. f5+ gxf5 29. gxf5+ Ke5 30. Ke3 a6 31. h3 b5 32. b3 b4 33. Kf3 Kd4 34. Kg4 Kxe4 35. Kxh4 Kf4 36. Kh5 Kxf5 37. h4 a5 38. Kh6 Kg4 39. Kg6 f5 40. h5 f4 41. h6 f3 42. h7 f2 43. h8Q f1Q 44. Qh5+ Kg3 45. Qe5+ Kg2 46. Qxc5 Qb1+ 47. Kf6 Qxa2 48. Qd5+ Kf2 49. c5 Qb2+ 50. Ke6 a4 51. bxa4 b3 52. c6 Qe2+ 53. Kd6 b2 54. c7 b1Q 55. c8Q Qg6+ 56. Qce6 Qa6+ 57. Ke7 Qgxe6+ 1/2-1/2

[Event "SJRP-ch U14 Girls"]
[Site "Germany"]
[Date "2002.04.03"]
[Round "2"]
[White "Reiske, Anne"]
[Black "Schimanowski, Christine"]
[Result "1-0"]
[WhiteElo "1378"]
[BlackElo "1327"]
[PlyCount "51"]
[EventDate "2002.04.02"]
[EventType "tourn"]
[EventRounds "7"]
[EventCountry "GER"]
[SourceTitle "EXT 2003"]
[Source "ChessBase"]
[SourceDate "2002.11.25"]
[SourceVersion "1"]
[SourceVersionDate "2002.11.25"]
[SourceQuality "1"]

1. e4 e5 2. Nf3 Nc6 3. Bc4 Bc5 4. d3 h6 5. Be3 Bb4+ 6. c3 Be7 7. Nbd2 Nf6 8. Qe2 d6 9. h3 0-0 10. 0-0-0 a6 11. d4 exd4 12. Nxd4 Nxd4 13. cxd4 d5 14. Bd3 dxe4 15. Nxe4 Qd5 16. Nc3 Qa5 17. Bxh6 Re8 18. Bd2 Bc5 19. Ne4 Qxa2 20. Nxf6+ gxf6 21. Qxe8+ Kg7 22. Bh6+ Kxh6 23. Qh8+ Kg5 24. h4+ Kf4 25. Qxf6+ Kg4 26. Qf3# 1-0

[Event "SJRP-ch U14 Girls"]
[Site "Germany"]
[Date "2002.04.02"]
[Round "1"]
[White "Reiske, Anne"]
[Black "Schimanowski, Margarita"]
[Result "1-0"]
[WhiteElo "1378"]
[BlackElo "1298"]
[PlyCount "45"]
[EventDate "2002.04.02"]
[EventType "tourn"]
[EventRounds "7"]
[EventCountry "GER"]
[SourceTitle "EXT 2003"]
[Source "ChessBase"]
[SourceDate "2002.11.25"]
[SourceVersion "1"]
[SourceVersionDate "2002.11.25"]
[SourceQuality "1"]

1. e4 e5 2. Nf3 Nc6 3. Bc4 Bc5 4. d3 h6 5. Be3 d6 6. h3 Nf6 7. Nc3 0-0 8. Qd2 Kh7 9. 0-0 Be6 10. Bb3 Nd4 11. Bxd4 Bxd4 12. Nd1 a5 13. c3 Bc5 14. Bc2 d5 15. exd5 Bxd5 16. Nxe5 Re8 17. Re1 Kg8 18. d4 Bd6 19. f4 Nh5 20. Nf2 Qh4 21. Qd3 Nxf4 22. Qh7+ Kf8 23. Nd7# 1-0

[Event "GER-chT Landesliga (Women)"]
[Site "Greifswald"]
[Date "2001.07.31"]
[Round "3.4"]
[White "Reiske, Anne"]
[Black "Mersmann, Maren"]
[Result "1/2-1/2"]
[WhiteElo "1477"]
[BlackElo "1285"]
[PlyCount "154"]
[EventDate "2001.07.29"]
[EventType "team"]
[EventRounds "7"]
[EventCountry "GER"]
[SourceTitle "EXT 2003"]
[Source "ChessBase"]
[SourceDate "2002.11.25"]
[SourceVersion "1"]
[SourceVersionDate "2002.11.25"]
[SourceQuality "1"]

1. e4 e5 2. Nf3 Nc6 3. Bc4 Bc5 4. d3 h6 5. Nc3 d6 6. h3 Nf6 7. Be3 Bb6 8. Qd2 Bd7 9. 0-0 Na5 10. Bb3 0-0 11. Kh1 Nxb3 12. axb3 Bc6 13. Rfe1 Re8 14. Bxb6 axb6 15. Rxa8 Qxa8 16. d4 exd4 17. Qxd4 Re7 18. Nh4 Bd7 19. f4 Qa5 20. e5 dxe5 21. fxe5 Qc5 22. Qxc5 bxc5 23. Nf3 Ne8 24. Nd5 Re6 25. Rd1 Bb5 26. c4 Ba6 27. Nf4 Re7 28. Rd8 Kh7 29. Nd5 Re6 30. Rd7 f6 31. exf6 Nxf6 32. Rxc7 Ne4 33. Nf4 Rb6 34. Re7 Nf2+ 35. Kg1 Nd1 36. Ne6 Rxb3 37. Nxg7 Rxb2 38. Ne6+ Kg8 39. Nxc5 Bxc4 40. Rxb7 Rxb7 41. Nxb7 Kg7 42. Nd6 Ba2 43. Ne4 Ne3 44. Nc3 Be6 45. h4 Nf5 46. Kf2 Bc8 47. Ne2 Bb7 48. Ned4 Nxh4 49. Nxh4 Bxg2 50. Kxg2 Kf6 51. Nhf5 h5 52. Kg3 Ke5 53. Kh4 Ke4 54. Kxh5 Kd3 55. Kg4 Ke4 56. Nf3 Kd5 57. Kf4 Kc4 58. Ke4 Kc5 59. Ne5 Kb4 60. Kd4 Kb5 61. Nd6+ Kb4 62. Nc6+ Kb3 63. Kd3 Kb2 64. Ne4 Kb3 65. Nc5+ Kb2 66. Kd2 Ka2 67. Kc2 Ka3 68. Kc3 Ka2 69. Nd4 Ka3 70. Nb5+ Ka2 71. Kc2 Ka1 72. Na3 Ka2 73. Nc4 Ka1 74. Na4 Ka2 75. Nc3+ Ka1 76. Nb1 Ka2 77. Na5 Ka1 1/2-1/2